Регионална библиотека "Любен Каравелов" - Русе

Първи рибарски събор (Запис номер 167479)

MARC детайли
000 -Лидер
Контролно поле с фиксирана дължина 01784nam a2200433 a 4500
003 - Код на организацията, давaща контролен номер
Контролно поле BLK
005 - Дата и час на последна редакция
Контролно поле 20230718141840.0
008 - Елементи от данни с фиксирана дължина
fixed length control field 180411b bul|||||r ||||||| ||bul||
010 ## - Наследен системен номер
LC control number KNG00175287000
040 ## - Източник на каталожния запис
Идентификатор на билиотеката - собственик на записа BLK
041 ## - Код за език
Код за езика на текст/звукозапис или на отделно заглавие Български
Код за езика КДБФ Български
072 #7 - Код за тематичната категория
Код организация bullib
Код за тематична категория К
Текст Краезнание
080 ## - УДК
Текстов определител УДК Риболов (вкл. и лов на други морски животни)
УДК код - определител по УДК 639.2
УДК - код + определител 639.2
110 1# - Редна дума - колетивен орган
Редна дума - наименование на организация или юридическо лице Рибарски конгр., I. Свищов. 1910
9 (RLIN) 337533
139 ## - Редно поле
Редна дума Рибарски конгр., I. Свищов. 1910
Авторски знак Ри - Р 58
245 10 - Сведения за заглавието
Заглавие Първи рибарски събор
Подзаглавни данни Уреден от Русенската търг.-индустр. камара през 1910 г. в гр. Свищов
257 ## - Страна на издаване
Страна на създаване/издаване България
260 ## - Област на издателските данни
Място на издаване, разпространение и проч. Русе
Име на издателя, разпространителя и проч. Русенска търг.-индустр. камара
Година на издаване 1910
Печатница Русе : Ат. Н. Данков
300 ## - Физическа характеристика
Страници IV, 212, 4, 4, 4 16 с.
Илюстрации и др. с табл.
Размери/Мащаб 23 см
380 ## - Жанр
Жанр Селско стопанство
650 #4 - Допълнително описание по предмет – тема
Основно описание – тема или топоним Риболов
9 (RLIN) 169478
650 #4 - Допълнително описание по предмет – тема
Основно описание – тема или топоним Камари, търговско-индустриални
9 (RLIN) 280620
651 #4 - Допълнително описание по предмет - топоним
Географско понятие Русе
9 (RLIN) 179462
651 #4 - Допълнително описание по предмет - топоним
Географско понятие Свищов
9 (RLIN) 179504
653 ## - Ключова дума – ненормативна
Ключова дума РТИК
653 ## - Ключова дума – ненормативна
Ключова дума риболов
653 ## - Ключова дума – ненормативна
Ключова дума събори
653 ## - Ключова дума – ненормативна
Ключова дума конгреси
659 ## - Тематичен бюлетин
Тематичен бюлетин К
852 ## - Местоположение
Форматна сигнатура Цб 6.235.9235
Фондова буква Хранилище
852 ## - Местоположение
Форматна сигнатура К 63/Р 58
Фондова буква Краезнание
852 ## - Местоположение
Форматна сигнатура Цб 6.240.24756
Фондова буква Хранилище
856 ## - Електронен адрес и достъп
Инструкция (цена за достъп) 0.00
Права за достъп Достъп за регистрирани потребители
Име на файл Първи рибарски събор
Електронен формат pdf - файл
Път до файла /url/ http://185.138.176.146:18082/cgi-bin/koha/opac-retrieve-file.pl?id=a232d5b57145a6a2a2767624baa5cf62
Допълнителна информация (Корица, съдържание, пълен текст, звуков файл, HTML файл) Електронна книга
Информация за съдържанието Първи рибарски събор
942 ## - АРТИКУЛИ
Вид на библиотечния материал Книги
Скрит в OPAC Не
Koha issues (borrowed), all copies 3
Периодичен библиозапис Да
944 ## - СЪЗДАВАНЕ И РЕДАКЦИЯ на ЗАПИСА
Създаване/Редакция Създаване
Дата на регистрацията/редакция 15.05.2015
Служител, извършил регистрацията/редакцията 30529
Статус, дата на статуса Диана Гривева
944 ## - СЪЗДАВАНЕ И РЕДАКЦИЯ на ЗАПИСА
Създаване/Редакция Редакция
Дата на регистрацията/редакция 2021-05-31
Служител, извършил регистрацията/редакцията ГГГ
999 ## - СИСТЕМНИ КОНТРОЛНИ НОМЕРА
Koha biblionumber 167479
Koha biblioitemnumber 167479
999 ## - СИСТЕМНИ КОНТРОЛНИ НОМЕРА
Koha biblioitemnumber 167479
999 ## - СИСТЕМНИ КОНТРОЛНИ НОМЕРА
Koha biblioitemnumber 167479
Наличности
Код за отписване Код за изгубен артикул Източник на класификационната схема Код за повреда Коз за рестрикции Код за отдаване Артикулен № Име на библиотеката - собственик Име на библиотеката, в която се намира в момента Статус (Текущо местоположение) Дата на вписване в системата Местоположение - отдел Цена в лева Инвентарен номер Систематично азбучна сигнатура Баркод Номер на екземпляра Цена в евро Служебна бележка Служебен тип на артикула
  Не е изгубен Universal Decimal Classification Не е повреден без рестрикции ползва се в читалня 282110 Регионална библиотека "Любен Каравелов" Русе Регионална библиотека "Любен Каравелов" Русе Краезнание 1910-01-01 Краезнание 1.50 173860 К 63/Р 58 120000173860 1 0.77 N: Сф Дата: 01.01.1910 Дата инв: 10.11.2017 Бележки инв: К2017 Книги
  Не е изгубен Universal Decimal Classification Не е повреден само за читалня ползва се в читалня 833502 Регионална библиотека "Любен Каравелов" Русе Регионална библиотека "Любен Каравелов" Русе Хранилище 2021-06-01 Основен фонд - ползва се само за читалня 0.16 24756-а Цб 6.240.24756 900000062515   0.08   Книги
  Не е изгубен Universal Decimal Classification Не е повреден само за читалня ползва се в читалня 834162 Регионална библиотека "Любен Каравелов" Русе Регионална библиотека "Любен Каравелов" Русе Хранилище 2021-06-02 Основен фонд - ползва се само за читалня 0.32 26500 Цб 6.235.26500 900000062209   0.16   Книги
Vip Innovations Ltd, Rousse, Bulgaria 2025